Lyrics - Save Your Tears The Weeknd - Statistiques

Statistiques générales
  • Ce quiz a été pris 856 fois
  • Le résultat moyen est 194 sur 256
Statistiques - réponses
Réponse % Correct
you
100%
You
100%
a
99%
A
99%
I
98%
your
96%
tears
95%
Save
94%
save
94%
for
93%
another
91%
day
90%
when
89%
so
86%
So
86%
away
84%
me
84%
know
83%
run
83%
why
83%
don't
82%
in
82%
not
81%
cry
80%
look
80%
saw
80%
I'm
78%
with
78%
dancing
77%
happy
77%
room
77%
make
76%
to
72%
then
71%
crowded
69%
And
67%
eye
67%
from
67%
by
66%
single
66%
But
64%
surprise
63%
that
62%
I'll
60%
caught
59%
stay
59%
did
58%
heart
57%
some
57%
broke
56%
like
56%
'cause
53%
someone
53%
wanna
53%
Take
51%
take
51%
back
50%
falling
50%
love
49%
teardrop
45%
didn't
44%
oh
44%
say
44%
told
44%
fell
43%
mine
43%
time
43%
care
41%
said
41%
Said
41%
second
41%
apart
40%
there
40%
made
39%
now
39%
asked
38%
never
38%
should
38%
just
37%
too
37%
Yeah
37%
wasn't
36%
won't
36%
always
35%
could've
35%
better
34%
realize
34%
things
33%
think
33%
deserve
32%
much
32%
girl
31%
Girl
31%
late
31%
would
31%
pretended
30%
walked
26%
past
22%
I said
3%
Aucun quiz correspondant
Distribution des résultats
% des personnes avec chaque résultat
Percentile par nombre de réponses
Votre historique - résultats
Vous n’avez pas pris ce quiz